Quizzes
Events
Quiz Creation
Community
Videos
Private Events
Remove Ads
Sign In
Join for FREE
Feedback
Dark Mode
Quiz Categories
Sports
Geography
Music
Movies
Television
Just For Fun
Miscellaneous
History
Literature
Language
Science
Gaming
Entertainment
Religion
Holiday
For Kids
Quiz Lab
Recent
Popular Today
Quiz Kudos Today
Editor Picks
Curator Picks
Quizzes by...
Day
Popularity
Type
Ratings
Length
Year
Community
Subscriptions
Recent Discussions
Orange Saloon
Badges
Playlists
Quests
Create
Leaderboards
Showdown
Live 5
Trivia Bingo
Activity
Puzzle Library
Sporcle Events
Private Events
Virtual Trivia
Globe League
Become a Host
Pub Owners
SporcleCon
Opinionation
Our Games
Videos
Blog
Mobile Apps
Partnerships
Remove Ads and Go Orange
Feedback
History
US Presidents
World Leaders
Politics
Nation
Discovery
War
Decade
Year
Century
Biography
Art
History
US Presidents
World Leaders
Politics
Nation
Discovery
War
Decade
Year
Century
Biography
Art
Random Quiz
Search Sporcle
×
Quiz Lab
Quiz Lab
History
Art
Type answers based on single images at one time
Type answers based on single images at one time
Slideshow
Best Score? Go Orange.
Art History 150 Final Quiz: Picture Zoom Stats
Can you pick the Art History 150 Final Quiz?
By
christinafypp
5m
10 Questions
43 Plays
43 Plays
43 Plays
Comments
Comments
Give Quiz Kudos
Give Quiz Kudos
-
- Ratings
hide this ad
More Info
No Peeking
Image is hidden before quiz starts
Image is hidden before quiz starts
Replay
Link that replays current quiz
Next Quiz
Link to next quiz in quiz playlist
You Got
0%
They Got
Avg Score
50%
Avg Friend Score
Upgrade to see
Score Distribution
Jump to the score distribution portion of the page
Score
0/10
Timer
05:00
0
Plays Today
% Correct
The Persistence of Memory
86%
Guernica
76.7%
Parthenon
62.8%
The Night Cafe
51.2%
Impressionism, Sunrise
44.2%
Lamassu
39.5%
Man in the City
37.2%
Moulin De La Galette
34.9%
Death and the Mother
34.9%
The Broken Column
32.6%
Quiz Playlist
Details
Report
Send in Message
Add To Playlist
More Info:
Type the artist based off of a small piece of the work of art.
Slideshow:
Type answers based on single images at one time
No Peeking:
Image is hidden before quiz starts
Last Updated: May 1, 2017
Quiz Scoreboard
CHALLENGE
Sign Up to Join the Scoreboard
Show All
Scores
Hide
Comments
May contain spoilers
Recently Published
Click the 1999 NBA Draft
by nibperrychub
Sports
2m
Alphabetical 'K' Countries by Flag Minefield
by ylime102
Geography
3m
Pick 6: Fruits
by JohnFran
Miscellaneous
15s
More to Explore
Quiz From the Vault
Featured Blog Post
15 Basketball Trivia Facts You Can Be March Mad About
hide this ad
You Might Also Like...
Tags
Art Quiz
150
Art History
final
Zoom
Today's Top Quizzes in History
Browse History
hide this ad
Today's Top Quizzes in Art
Browse Art
Top Contributed Quizzes in History
1
Mahatma Gandhi, This Is Your Life
2
George Washington, This Is Your Life
3
'NCAA' US History
4
Famous Spring Paintings
5
Marco Polo, This Is Your Life
6
Julius Caesar, This Is Your Life
7
John F. Kennedy, This Is Your Life
8
10 to 1: Generals by War
9
I Am Born On March 18th
10
Abraham Lincoln, This Is Your Life
Explore More
Trending Topics
Kpop
Marvel
Anime
Harry Potter
Crossword
NBA
Disney
Soccer
Song
Country
WWE
NFL
Puzzle
Pokémon
The Office
hide this ad
More By:
christinafypp
Quiz
Plays
Rating
Category
Featured
Created
Art History 150 Quiz
214
2.00
History
Apr 27, 2017
Art History 150 Final Quiz: Picture Zoom
43
1.00
History
May 1, 2017
Go to Creator's Profile
Score Distribution
Quiz Creator Spotlight
christinafypp
Follow
Send a Message
Quizzes Created
-
Created Quiz Play Count
-
More By This Creator
Popular Quizzes Today
1
Find the US States - No Outlines Minefield
2
Countries of Asia Without Outlines Minefield
3
Pick 6: Fruits
4
The Countries of the World
5
Alphabetical 'K' Countries by Flag Minefield
6
Click the 1999 NBA Draft
7
Find the US States
8
Match the Book to the Film X
More History Quizzes
Ulysses S. Grant, This Is Your Life
Quiz Lab
Trending Quizzes
Pick 6: Harry Potter
Pick 6: Mountains
Pick 6: NFL Teams
Pick 6: Movie Franchises
Pick 6: Golfers
Recently Updated
Women's Final Four Teams by Year
bhenderson79
Presidents Quartet II
eogle
Anything But Clue(do)
eogle
Anything But Oceanian Capitals
eogle
Anything But 7
eogle
Anything But Thing
eogle
Word Ladder: February 29
pecheneg
Song Title Questions
pecheneg
Women's NCAA Tournament #1 Seeds
pecheneg
Celebrity Mug Shots
pecheneg
Trending Topics
Harry Potter
Disney
Marvel
Crossword
NBA
Kpop
Anime
NFL
Soccer
Song
WWE
Pokémon
Puzzle
Country
The Office
Your Account Isn't Verified!
In order to create a playlist on Sporcle, you need to verify the email address you used during registration. Go to your
Sporcle Settings
to finish the process.
Report this User
Report this user for behavior that violates our
Community Guidelines
.
Details:
Send Report
Go to the Sporcle.com Mobile Site →
Comments